विज्ञान का संक्षिप्त इतिहास / (Record no. 119572)

MARC details
000 -LEADER
fixed length control field 01315nam a22002657a 4500
005 - DATE AND TIME OF LATEST TRANSACTION
control field 20170124103144.0
010 ## - LIBRARY OF CONGRESS CONTROL NUMBER
LC control number B-070774
020 ## - INTERNATIONAL STANDARD BOOK NUMBER
Terms of availability 250.00
International Standard Book Number 8188066001
035 ## - SYSTEM CONTROL NUMBER
System control number B-070774
037 ## - SOURCE OF ACQUISITION
Source of stock number/acquisition Cen Lib/Ret
040 ## - CATALOGING SOURCE
Original cataloging agency DPL
Language of cataloging HN
082 ## - DEWEY DECIMAL CLASSIFICATION NUMBER
Classification number 509
Item number सरड
100 ## - MAIN ENTRY--PERSONAL NAME
Personal name सर डब्ल्यू सी. डैम्पियर
9 (RLIN) 85632
245 ## - TITLE STATEMENT
Title विज्ञान का संक्षिप्त इतिहास /
Statement of responsibility, etc सर डब्ल्यू सी. डैम्पियर; संपादक एम.एन. राय
246 ## - VARYING FORM OF TITLE
Title proper/short title Vigyan ka sankshipt itihas /
Remainder of title by Sir W.C. Daimpiyar; sampadak M.N. Ray
260 ## - PUBLICATION, DISTRIBUTION, ETC. (IMPRINT)
Place of publication, distribution, etc दिल्ली
Name of publisher, distributor, etc दिल्ली पुस्तक सदन
Date of publication, distribution, etc 2002
270 ## - ADDRESS
City दिल्ली
Address 30/36, गली-9, विश्वास नगर, शाहदरा
Postal code 110032
300 ## - PHYSICAL DESCRIPTION
Extent 215पृ.
Dimensions 21सेमी (सजिल्द)
650 ## - SUBJECT ADDED ENTRY--TOPICAL TERM
Topical term or geographic name as entry element विज्ञान--इतिहास
9 (RLIN) 239
650 ## - SUBJECT ADDED ENTRY--TOPICAL TERM
Topical term or geographic name as entry element नए नए अविष्कार--मानव सभ्यता का विकास
9 (RLIN) 85633
650 ## - SUBJECT ADDED ENTRY--TOPICAL TERM
Topical term or geographic name as entry element Science--History
9 (RLIN) 17841
650 ## - SUBJECT ADDED ENTRY--TOPICAL TERM
Topical term or geographic name as entry element New invention--The development of human civilization
9 (RLIN) 85634
700 ## - ADDED ENTRY--PERSONAL NAME
Personal name राय, एम.एन.
9 (RLIN) 42260
942 ## - ADDED ENTRY ELEMENTS (KOHA)
Source of classification or shelving scheme Dewey Decimal Classification
Koha item type Hindi Books
Classification part 509
Call number suffix सरड
Holdings
Withdrawn status Lost status Damaged status Not for loan Home library Current library Date acquired Source of acquisition Cost, normal purchase price Total Checkouts Full call number Barcode Date last seen Copy number Cost, replacement price Price effective from Koha item type
        Central Library Central Library 17/09/2015 Cen Lib/Ret 250.00   509 सरड B-070774 17/09/2015 1 250.00 17/09/2015 Hindi Books

© Delhi Public Library
Hit Counter
free hit counter